| 000 | 00657nam a22002177a 4500 | ||
|---|---|---|---|
| 999 |
_c5981 _d5981 |
||
| 003 | AR-CdUCM | ||
| 008 | 190313b ||||| |||| 00| 0 spa d | ||
| 040 |
_aMUNICIPALIDAD PROVINCIAL DEL CUSCO _cBIBLIOTECA MUNICIPAL DEL CUSCO |
||
| 082 |
_a869.6 / _bC34 |
||
| 100 |
_aCasona, Alejandro _917523 |
||
| 245 | _aNuestra Natacha. Otra vez el diablo / | ||
| 260 |
_aBuenos Aires : _bEdit.Losada, _c1943. |
||
| 300 |
_a156 paginas ; _c18 cm. |
||
| 500 | _aDonación familia Nieto | ||
| 505 | _aContenido :Teatro / | ||
| 650 |
_aLiteratura española _9362 |
||
| 650 |
_aTeatro español _9648 |
||
| 650 |
_aSiglo XX _98 |
||
| 942 |
_2ddc _cLIBROS |
||
| 945 | _arjall | ||